000 00820nas a2200265 4500
001 BR0903217
003 BR-BrBNA
005 20231205113436.0
007 ta
008 230509b bl.|||p| |||| 00| 00por d
040 _aBR-BrBNA
_bpor
_cBiblioteca Nacional de Agricultura
041 _a(Pt)
072 _aQ04
100 1 _aHuber, L.S.
100 1 _aRodriguez-Amaya, D.B.
245 1 _aFlavonóis e flavonas: fontes brasileiras e fatores que influenciam a composição em alimentos
650 _aALIMENTO
650 _aFLAVONOIDE
650 _aCOMPOSTO FENÓLICO
650 _aCOMPOSIÇÃO QUÍMICA
650 _aANTIOXIDANTE
773 0 _tAlimentos e Nutrição (Brazil)
_xISSN 0103-4235
_g(Jan-Mar 2008), v. 19(1) p. 97-108
_wBR0903217
909 _a202311
_bLúcia
_c55
_dLúcia Elande
942 _2AGRIS
_n0
_cANA
999 _c203791
_d203791